[Event "Chigorin Memorial 20th"]
[Site "St Petersburg"]
[Date "2012.11.02"]
[Round "7"]
[White "Egorov, Daniil"]
[Black "Zavoronkov, Vladimir"]
[Result "0-1"]
[WhiteElo "1819"]
[BlackElo "2378"]
[PlyCount "100"]
[EventDate "2012.10.27"]
[EventType "swiss"]
[EventRounds "9"]
[EventCountry "RUS"]
[SourceTitle "EXT 2013"]
[Source "ChessBase"]
[SourceDate "2012.11.22"]
[SourceVersion "1"]
[SourceVersionDate "2012.11.22"]
[SourceQuality "1"]

1. e4 c5 2. Nf3 Nc6 3. d4 cxd4 4. Nxd4 Nf6 5. Nc3 d6 6. Bg5 e6 7. Qd2 Be7 8. 0-0-0 Nxd4 9. Qxd4 0-0 10. e5 dxe5 11. Qxe5 Qe8 12. Bb5 Bd7 13. Bxf6 Bxf6 14. Bxd7 Bxe5 15. Bxe8 Rfxe8 16. Rd7 Rab8 17. g3 Red8 18. Rhd1 Rxd7 19. Rxd7 Kf8 20. Ne4 Ke8 21. Rd3 Rd8 22. Rxd8+ Kxd8 23. c3 h6 24. Kd2 Kd7 25. Kd3 Kc6 26. Nd2 Bc7 27. Nc4 f5 28. Kd4 g5 29. Ne5+ Kd6 30. Nc4+ Ke7 31. a4 h5 32. a5 h4 33. b4 h3 34. Ne5 g4 35. c4 a6 36. b5 axb5 37. cxb5 Bxa5 38. Nc4 Bc7 39. b6 Bb8 40. Ne3 Kd6 41. Nf1 Kc6 42. f3 gxf3 43. Ke3 Kxb6 44. Kxf3 Kc5 45. g4 b5 46. g5 b4 47. g6 Be5 48. Nd2 Kd4 49. Nb3+ Kc3 50. Nc1 b3 0-1

[Event "Chigorin Memorial 20th"]
[Site "St Petersburg"]
[Date "2012.10.30"]
[Round "4"]
[White "Zavoronkov, Vladimir"]
[Black "Bukhteeva, Viktoria"]
[Result "0-1"]
[WhiteElo "2378"]
[BlackElo "2165"]
[PlyCount "46"]
[EventDate "2012.10.27"]
[EventType "swiss"]
[EventRounds "9"]
[EventCountry "RUS"]
[SourceTitle "EXT 2013"]
[Source "ChessBase"]
[SourceDate "2012.11.22"]
[SourceVersion "1"]
[SourceVersionDate "2012.11.22"]
[SourceQuality "1"]

1. c4 e5 2. Nc3 Nc6 3. g3 f5 4. Bg2 Nf6 5. d3 Bb4 6. Bd2 Bxc3 7. Bxc3 d6 8. e3 0-0 9. Ne2 Qe8 10. Qd2 Rb8 11. b3 Qg6 12. Bb2 Bd7 13. Nc3 f4 14. 0-0-0 fxe3 15. fxe3 Ne7 16. Ne4 b5 17. Nxf6+ Rxf6 18. c5 Nc6 19. d4 exd4 20. exd4 Rbf8 21. Rhf1 Ne7 22. Rxf6 Qxf6 23. Rf1 Qxf1+ 0-1

[Event "St Petersburg Botvinnik Memorial op"]
[Site "St Petersburg"]
[Date "2012.08.30"]
[Round "6"]
[White "Dvoirys, Semen I"]
[Black "Zavoronkov, Vladimir"]
[Result "1-0"]
[WhiteElo "2533"]
[BlackElo "2384"]
[PlyCount "55"]
[EventDate "2012.08.25"]
[EventType "swiss"]
[EventRounds "9"]
[EventCountry "RUS"]
[SourceTitle "CBM 150 Extra"]
[Source "ChessBase"]
[SourceDate "2012.10.19"]
[SourceVersion "1"]
[SourceVersionDate "2012.10.19"]
[SourceQuality "1"]

1. e4 c5 2. Nf3 Nc6 3. d4 cxd4 4. Nxd4 Nf6 5. Nc3 d6 6. Bc4 Qb6 7. Nde2 e6 8. 0-0 Be7 9. Ng3 h5 10. h3 h4 11. Nge2 a6 12. Be3 Qc7 13. Nd4 Bd7 14. a4 Nxe4 15. Nxe4 d5 16. Bxd5 exd5 17. Nc3 Nxd4 18. Qxd4 Qc4 19. Qxg7 Rf8 20. Bg5 Be6 21. Rfe1 Bxg5 22. Qxg5 Kd7 23. Nxd5 Bxd5 24. b3 Qc5 25. c4 Rg8 26. Qf5+ Kc6 27. cxd5+ Kb6 28. Rac1 1-0

[Event "St Petersburg Botvinnik Memorial op"]
[Site "St Petersburg"]
[Date "2012.08.29"]
[Round "5"]
[White "Zavoronkov, Vladimir"]
[Black "Belozerov, Andrei"]
[Result "1/2-1/2"]
[WhiteElo "2384"]
[BlackElo "2504"]
[PlyCount "50"]
[EventDate "2012.08.25"]
[EventType "swiss"]
[EventRounds "9"]
[EventCountry "RUS"]
[SourceTitle "CBM 150 Extra"]
[Source "ChessBase"]
[SourceDate "2012.10.19"]
[SourceVersion "1"]
[SourceVersionDate "2012.10.19"]
[SourceQuality "1"]

1. e4 c5 2. Nf3 d6 3. d4 cxd4 4. Nxd4 Nf6 5. Nc3 Nc6 6. Bg5 e6 7. Qd2 Be7 8. 0-0-0 0-0 9. f4 Nxd4 10. Qxd4 Qa5 11. Bc4 Bd7 12. h4 Bc6 13. e5 dxe5 14. fxe5 Bc5 15. Qf4 Nd5 16. Bxd5 exd5 17. Rh3 f6 18. exf6 d4 19. Ne4 Qxa2 20. Nxc5 Qa1+ 21. Kd2 Qa5+ 22. Kc1 Qa1+ 23. Kd2 Qa5+ 24. Kc1 Qa1+ 25. Kd2 Qa5+ 1/2-1/2

[Event "Paleros op"]
[Site "Paleros"]
[Date "2012.06.22"]
[Round "8"]
[White "Antic, Dejan"]
[Black "Zavoronkov, Vladimir"]
[Result "1/2-1/2"]
[WhiteElo "2518"]
[BlackElo "2371"]
[PlyCount "66"]
[EventDate "2012.06.16"]
[EventType "swiss"]
[EventRounds "9"]
[EventCountry "GRE"]
[SourceTitle "CBM 149 Extra"]
[Source "ChessBase"]
[SourceDate "2012.08.24"]
[SourceVersion "1"]
[SourceVersionDate "2012.08.24"]
[SourceQuality "1"]

1. d4 d5 2. c4 dxc4 3. Nf3 a6 4. e3 b5 5. a4 Bb7 6. b3 e6 7. bxc4 bxc4 8. Bxc4 Nf6 9. 0-0 Nbd7 10. Nbd2 c5 11. Rb1 Ra7 12. Bd3 Be7 13. Nc4 cxd4 14. exd4 0-0 15. Bd2 Be4 16. Ba5 Qa8 17. Nb6 Nxb6 18. Bxb6 Bxd3 19. Qxd3 Rd7 20. Ne5 Rd5 21. Rfc1 Nd7 22. Nc6 Bf6 23. a5 Ne5 24. Qc3 Nxc6 25. Qxc6 Bxd4 26. Qxa8 Rxa8 27. Rc6 e5 28. Bxd4 exd4 29. Rxa6 Re8 30. f3 d3 31. Rd1 g6 32. Rd2 Kg7 33. Kf2 Ree5 1/2-1/2

[Event "EST-chT 23th"]
[Site "Tallinn"]
[Date "2008.??.??"]
[Round "7"]
[White "Raud, Rainer"]
[Black "Zavoronkov, Vladimir"]
[Result "0-1"]
[WhiteElo "2321"]
[BlackElo "2358"]
[PlyCount "110"]
[EventDate "2008.05.08"]
[EventType "team-tourn"]
[EventRounds "7"]
[EventCountry "EST"]
[SourceTitle "EXT 2016"]
[Source "ChessBase"]
[SourceDate "2015.10.08"]
[SourceVersion "1"]
[SourceVersionDate "2015.10.08"]
[SourceQuality "1"]

1. e4 c5 2. Nf3 Nc6 3. Nc3 e6 4. Bb5 Qc7 5. 0-0 a6 6. Bxc6 Qxc6 7. d4 cxd4 8. Qxd4 Qc5 9. Qd3 d6 10. Bf4 e5 11. Be3 Qc6 12. Nd5 Bg4 13. a4 Nf6 14. Nd2 Rc8 15. c4 Nxd5 16. cxd5 Qc7 17. b3 Be7 18. Nc4 0-0 19. Rac1 Qd8 20. Bb6 Qe8 21. Qg3 Be2 22. f4 Bxf1 23. Rxf1 f5 24. fxe5 fxe4 25. Rxf8+ Qxf8 26. Qg4 dxe5 27. Qe6+ Kh8 28. d6 Rxc4 29. Qxc4 Bxd6 30. Be3 h6 31. h3 Qg8 32. Kf2 Qxc4 33. bxc4 Bb4 34. Bb6 Bd2 35. Ke2 Bf4 36. Bf2 Kg8 37. g3 Bc1 38. Bc5 Kf7 39. Bd6 Kf6 40. Bc7 h5 41. Kd1 Bb2 42. Ke2 Kf5 43. Ba5 Bd4 44. Bb4 g5 45. Bd6 g4 46. h4 Ke6 47. Ba3 Kd7 48. Bb4 Kc6 49. Ba3 Bc3 50. Be7 Kb6 51. Ke3 Be1 52. Kxe4 Bxg3 53. Kd5 Ka5 54. c5 Kxa4 55. Kc4 Bf2 0-1

[Event "Keres Memorial-A"]
[Site "Tallinn"]
[Date "2005.09.03"]
[Round "8"]
[White "Zavoronkov, Vladimir"]
[Black "Rychagov, Mikhail"]
[Result "1/2-1/2"]
[WhiteElo "2374"]
[BlackElo "2455"]
[PlyCount "104"]
[EventDate "2005.08.30"]
[EventType "tourn (rapid)"]
[EventRounds "9"]
[EventCountry "EST"]
[EventCategory "9"]
[SourceTitle "CBM 108 Extra"]
[Source "ChessBase"]
[SourceDate "2005.11.04"]
[SourceVersion "1"]
[SourceVersionDate "2005.11.04"]
[SourceQuality "1"]

1. e4 c5 2. Nf3 d6 3. Bb5+ Nc6 4. 0-0 Bd7 5. c4 g6 6. Nc3 Bg7 7. Bxc6 bxc6 8. d4 cxd4 9. Nxd4 Nf6 10. Qe2 0-0 11. Nc2 Qa5 12. Rb1 Rab8 13. b4 Qa6 14. Bd2 Be6 15. b5 cxb5 16. cxb5 Qc8 17. Ne3 Qb7 18. f3 Rfc8 19. a4 Qb6 20. Kh1 Qd4 21. Rfc1 Bh6 22. a5 Kg7 23. Ncd1 Rxc1 24. Rxc1 Rxb5 25. Qxb5 Qxd2 26. Rc2 Qe1+ 27. Qf1 Qxa5 28. Qe2 Qa1 29. Nc4 Qb1 30. g3 d5 31. exd5 Bxd5 32. Kg2 Qa1 33. Nf2 Qa4 34. Qd3 Qc6 35. Ne5 Qe6 36. Qd4 a5 37. Ne4 Be3 38. Qxe3 Qxe5 39. Re2 Nxe4 40. fxe4 Bc6 41. Kf2 a4 42. Qa3 Bxe4 43. Qxa4 Qf6+ 44. Ke1 Bd3 45. Re3 Qc3+ 46. Kf2 e5 47. Qd1 e4 48. Re1 Qb2+ 49. Kg1 Qd4+ 50. Kg2 Qb2+ 51. Kg1 Qb6+ 52. Kg2 Qb2+ 1/2-1/2

[Event "Keres Memorial-A"]
[Site "Tallinn"]
[Date "2005.09.02"]
[Round "6"]
[White "Kanep, Meelis"]
[Black "Zavoronkov, Vladimir"]
[Result "1-0"]
[WhiteElo "2491"]
[BlackElo "2374"]
[PlyCount "63"]
[EventDate "2005.08.30"]
[EventType "tourn (rapid)"]
[EventRounds "9"]
[EventCountry "EST"]
[EventCategory "9"]
[SourceTitle "CBM 108 Extra"]
[Source "ChessBase"]
[SourceDate "2005.11.04"]
[SourceVersion "1"]
[SourceVersionDate "2005.11.04"]
[SourceQuality "1"]

1. d4 d5 2. c4 dxc4 3. e4 e5 4. Nf3 exd4 5. Bxc4 Bb4+ 6. Nbd2 Nc6 7. 0-0 Nf6 8. e5 Nd5 9. Nb3 Nb6 10. Bb5 Qd5 11. Nbxd4 Bd7 12. Nxc6 Qxb5 13. Nfd4 Qc5 14. Nxb4 Qxb4 15. e6 fxe6 16. Qh5+ g6 17. Qe5 0-0-0 18. Bf4 Nd5 19. Rfc1 Qb6 20. a4 Kb8 21. a5 Qb4 22. a6 Qb6 23. Bg3 bxa6 24. Ra3 Ka8 25. Rb3 Bb5 26. Rc6 Qxd4 27. Qxd4 Nf4 28. Qxh8 Ne2+ 29. Kh1 Rxh8 30. Rxc7 Rd8 31. h4 h5 32. Rf3 1-0

[Event "Keres Memorial-A"]
[Site "Tallinn"]
[Date "2005.09.01"]
[Round "5"]
[White "Zavoronkov, Vladimir"]
[Black "Seeman, Tarvo"]
[Result "0-1"]
[WhiteElo "2374"]
[BlackElo "2405"]
[PlyCount "92"]
[EventDate "2005.08.30"]
[EventType "tourn (rapid)"]
[EventRounds "9"]
[EventCountry "EST"]
[EventCategory "9"]
[SourceTitle "CBM 108 Extra"]
[Source "ChessBase"]
[SourceDate "2005.11.04"]
[SourceVersion "1"]
[SourceVersionDate "2005.11.04"]
[SourceQuality "1"]

1. e4 c5 2. Nf3 e6 3. c4 Nc6 4. Nc3 Nd4 5. Nxd4 cxd4 6. Ne2 e5 7. Ng3 Qh4 8. d3 Bb4+ 9. Bd2 Bxd2+ 10. Qxd2 Ne7 11. Be2 0-0 12. 0-0 Ng6 13. Nf5 Qf6 14. Qb4 a5 15. Qa3 Ra6 16. c5 d5 17. Nd6 Nf4 18. Bf3 Nh3+ 19. Kh1 Ng5 20. Be2 dxe4 21. dxe4 Rxd6 22. cxd6 Nxe4 23. Qxa5 Nxd6 24. f3 Nf5 25. Bd3 Ne3 26. Rf2 h5 27. Kg1 h4 28. Qc7 Nd5 29. Qa5 Nf4 30. Rd1 Rd8 31. Rfd2 g6 32. Re1 Nd5 33. Rde2 b6 34. Qb5 Ne3 35. Rxe3 dxe3 36. Rxe3 Bf5 37. Bf1 Rd1 38. Qe2 Qd6 39. Qf2 Qd4 40. Re2 Bd3 41. Qxd4 exd4 42. Rf2 f5 43. g4 h3 44. gxf5 gxf5 45. f4 Kf7 46. Rf3 Be2 0-1

[Event "EST-ch"]
[Site "Tallinn"]
[Date "2005.05.15"]
[Round "8"]
[White "Zavoronkov, Vladimir"]
[Black "Zjukin, Sergei"]
[Result "1/2-1/2"]
[WhiteElo "2399"]
[BlackElo "2373"]
[PlyCount "20"]
[EventDate "2005.05.10"]
[EventType "tourn"]
[EventRounds "9"]
[EventCountry "EST"]
[EventCategory "8"]
[SourceTitle "CBM 106 Extra"]
[Source "ChessBase"]
[SourceDate "2005.07.01"]
[SourceVersion "1"]
[SourceVersionDate "2005.07.01"]
[SourceQuality "1"]

1. e4 e5 2. Nf3 Nc6 3. Nc3 Nf6 4. Bb5 Bb4 5. d3 d6 6. h3 0-0 7. 0-0 Ne7 8. Bg5 c6 9. Bc4 Ng6 10. Nh4 Bxc3 1/2-1/2

[Event "EST-ch"]
[Site "Tallinn"]
[Date "2005.05.12"]
[Round "4"]
[White "Seeman, Tarvo"]
[Black "Zavoronkov, Vladimir"]
[Result "1/2-1/2"]
[WhiteElo "2401"]
[BlackElo "2399"]
[PlyCount "140"]
[EventDate "2005.05.10"]
[EventType "tourn"]
[EventRounds "9"]
[EventCountry "EST"]
[EventCategory "8"]
[SourceTitle "CBM 106 Extra"]
[Source "ChessBase"]
[SourceDate "2005.07.01"]
[SourceVersion "1"]
[SourceVersionDate "2005.07.01"]
[SourceQuality "1"]

1. e4 c5 2. d3 Nc6 3. g3 d5 4. Nd2 Nf6 5. Bg2 e5 6. Ngf3 g6 7. 0-0 Bg7 8. c3 0-0 9. Re1 Re8 10. a4 h6 11. exd5 Nxd5 12. Nc4 Bf5 13. a5 Qd7 14. Nh4 Be6 15. Nf3 Bf5 16. Nh4 Be6 17. Qa4 Rad8 18. Nf3 Bf5 19. Nfd2 Bxd3 20. Nb3 Qg4 21. Bxd5 Rxd5 22. Ne3 Qxa4 23. Rxa4 Rdd8 24. Nxc5 Bb5 25. Ra3 Bf8 26. Rb3 a6 27. Nxb7 Rd7 28. Rxb5 axb5 29. a6 f5 30. c4 bxc4 31. Nxc4 Nb4 32. Nba5 Nxa6 33. Bd2 e4 34. Nc6 Re6 35. N6a5 Nb4 36. Bc3 Nd3 37. Re2 Bb4 38. Bxb4 Nxb4 39. Nb3 Rd1+ 40. Kg2 Nd3 41. Nd4 Nf4+ 42. gxf4 Rxd4 43. Ne3 Rc6 44. b3 Rb6 45. Rb2 Rdb4 46. Nd5 Rxb3 47. Rc2 Rb7 48. h4 h5 49. Rc6 Kf7 50. Ne3 Rb1 51. Nc4 Kg7 52. Ne5 Ra1 53. Rxg6+ Kh7 54. Rg5 Rbb1 55. Rxh5+ Kg7 56. Rxf5 Rg1+ 57. Kh3 Raf1 58. Rg5+ Rxg5 59. hxg5 Rxf2 60. Kg3 Rf1 61. Nc4 Rc1 62. Nd6 Rc3+ 63. Kg4 e3 64. Nf5+ Kg6 65. Nh4+ Kf7 66. Kf3 Ke6 67. f5+ Ke5 68. f6 Ke6 69. Ke2 Rc5 70. Nf3 Rxg5 1/2-1/2

[Event "EST-chT 20th"]
[Site "Tallinn "]
[Date "2005.03.21"]
[Round "6"]
[White "Shishkov, Andrei"]
[Black "Zavoronkov, Vladimir"]
[Result "1/2-1/2"]
[WhiteElo "2364"]
[BlackElo "2399"]
[PlyCount "44"]
[EventDate "2005.03.17"]
[EventType "team-tourn"]
[EventRounds "7"]
[EventCountry "EST"]
[SourceTitle "EXT 2016"]
[Source "ChessBase"]
[SourceDate "2015.10.08"]
[SourceVersion "1"]
[SourceVersionDate "2015.10.08"]
[SourceQuality "1"]

1. d4 Nf6 2. c4 e6 3. Nc3 Bb4 4. Qc2 c5 5. dxc5 Bxc5 6. Nf3 Nc6 7. Bg5 a6 8. e3 Be7 9. Be2 d5 10. 0-0 0-0 11. Rfd1 Qa5 12. Bxf6 Bxf6 13. cxd5 Nb4 14. Qb3 Nxd5 15. Nxd5 exd5 16. Rxd5 b5 17. Nd4 Bb7 18. Rd7 Bc8 19. Nc6 Qb6 20. Rd6 Qc5 21. Rad1 Be6 22. Qa3 Qxa3 1/2-1/2

[Event "EST-chT 20th"]
[Site "Tallinn "]
[Date "2005.03.21"]
[Round "7"]
[White "Zavoronkov, Vladimir"]
[Black "Karner, Hillar"]
[Result "1/2-1/2"]
[WhiteElo "2399"]
[BlackElo "2292"]
[PlyCount "40"]
[EventDate "2005.03.17"]
[EventType "team-tourn"]
[EventRounds "7"]
[EventCountry "EST"]
[SourceTitle "EXT 2016"]
[Source "ChessBase"]
[SourceDate "2015.10.08"]
[SourceVersion "1"]
[SourceVersionDate "2015.10.08"]
[SourceQuality "1"]

1. e4 e6 2. d4 d5 3. e5 Bd7 4. Nf3 a6 5. Bg5 Qc8 6. c4 dxc4 7. Bxc4 Bb4+ 8. Nc3 h6 9. Bd2 Ne7 10. 0-0 Bxc3 11. bxc3 Bb5 12. Qe2 Bxc4 13. Qxc4 Nd7 14. a4 c5 15. Rab1 0-0 16. dxc5 Ng6 17. Be3 Ngxe5 18. Nxe5 Nxe5 19. Qe4 Nd7 20. Qxb7 Nxc5 1/2-1/2

[Event "EST-chT 20th"]
[Site "Tallinn "]
[Date "2005.03.20"]
[Round "5"]
[White "Zavoronkov, Vladimir"]
[Black "Kanep, Meelis"]
[Result "1/2-1/2"]
[WhiteElo "2399"]
[BlackElo "2474"]
[PlyCount "173"]
[EventDate "2005.03.17"]
[EventType "team-tourn"]
[EventRounds "7"]
[EventCountry "EST"]
[SourceTitle "EXT 2016"]
[Source "ChessBase"]
[SourceDate "2015.10.08"]
[SourceVersion "1"]
[SourceVersionDate "2015.10.08"]
[SourceQuality "1"]

1. e4 c5 2. Nf3 d6 3. d4 cxd4 4. Nxd4 Nf6 5. Nc3 a6 6. f3 b5 7. Be3 Bb7 8. Qd2 Nbd7 9. g4 e5 10. Nf5 b4 11. Na4 d5 12. exd5 Qa5 13. b3 g6 14. Ng3 Qxd5 15. Bd3 Qxf3 16. Rf1 Qxg4 17. Qf2 Be7 18. Nc5 Bxc5 19. Bxc5 Nxc5 20. Qxc5 Nd7 21. Qc7 Qd4 22. Qxb7 Rb8 23. Qf3 Qxa1+ 24. Ke2 Qd4 25. Qxf7+ Kd8 26. Qg7 Kc7 27. Ne4 Rhg8 28. Qxh7 Rh8 29. Qxg6 Rbg8 30. Qxa6 Rxh2+ 31. Nf2 Rgg2 32. Qc4+ Qxc4 33. Bxc4 Nf6 34. Kf3 Nh5 35. Ne4 Rxc2 36. Rg1 Rxa2 37. Nc5 Nf6 38. Kg3 Kb6 39. Nd3 Ne4+ 40. Kg4 Nf2+ 41. Kf5 Nxd3 42. Bxd3 Rh5+ 43. Ke6 Rh3 44. Bc4 e4 45. Kd5 e3 46. Rg6+ Kc7 47. Kc5 Rh5+ 48. Kxb4 Re5 49. Rg1 Rc2 50. Bd3 Rd2 51. Kc3 Re6 52. Re1 Rh2 53. Bc4 Re7 54. Kd4 Rd7+ 55. Kc3 Re7 56. Kd4 Rh4+ 57. Kd3 Rh3 58. Re2 Kd6 59. Kd4 Rg3 60. Ra2 Rg4+ 61. Kc3 Ke5 62. Be2 Rg2 63. Kd3 Kf4 64. Ra4+ Kg3 65. Rg4+ Kf2 66. Rf4+ Kg1 67. Rd4 Rf7 68. Re4 Kf2 69. Bg4 Rxg4 70. Rxg4 e2 71. Re4 e1Q 72. Rxe1 Kxe1 73. Kc4 Rc7+ 74. Kd5 Rb7 75. Kc4 Kd2 76. b4 Rc7+ 77. Kd5 Kc3 78. b5 Kb4 79. b6 Rc5+ 80. Kd6 Rb5 81. Kc7 Rc5+ 82. Kd6 Rb5 83. Kc7 Ka5 84. b7 Rc5+ 85. Kd6 Rb5 86. Kc7 Rxb7+ 87. Kxb7 1/2-1/2

[Event "EST-chT 20th"]
[Site "Tallinn "]
[Date "2005.03.17"]
[Round "1"]
[White "Shlokov, Vitali"]
[Black "Zavoronkov, Vladimir"]
[Result "0-1"]
[WhiteElo "2218"]
[BlackElo "2399"]
[PlyCount "72"]
[EventDate "2005.03.17"]
[EventType "team-tourn"]
[EventRounds "7"]
[EventCountry "EST"]
[SourceTitle "EXT 2016"]
[Source "ChessBase"]
[SourceDate "2015.10.08"]
[SourceVersion "1"]
[SourceVersionDate "2015.10.08"]
[SourceQuality "1"]

1. e4 c5 2. Nc3 Nc6 3. Nge2 Nf6 4. d4 cxd4 5. Nxd4 d6 6. Bc4 Qb6 7. Nxc6 bxc6 8. 0-0 g6 9. b3 Bg7 10. Na4 Qc7 11. Bb2 0-0 12. Bd3 d5 13. exd5 cxd5 14. f4 Bd7 15. Be5 Qc8 16. Rb1 Bxa4 17. bxa4 Ne4 18. Bxe4 Qc5+ 19. Kh1 dxe4 20. Qe2 f6 21. Rb5 Qc6 22. Bd4 Rfd8 23. c3 f5 24. Qb2 Qc4 25. Re1 Bxd4 26. cxd4 Qxa4 27. Rb4 Qc6 28. Rc1 Qd6 29. Rb7 Rab8 30. Qb3+ Kg7 31. Rcc7 Qxc7 32. Rxc7 Rxb3 33. axb3 Rxd4 34. Kg1 Kf6 35. Rxa7 e3 36. g3 Rd1+ 0-1

[Event "EST-ch"]
[Site "Tallinn"]
[Date "2003.05.21"]
[Round "4.1"]
[White "Zavoronkov, Vladimir"]
[Black "Kulaots, Kaido"]
[Result "0-1"]
[WhiteElo "2385"]
[BlackElo "2514"]
[PlyCount "70"]
[EventDate "2003.05.17"]
[EventType "k.o."]
[EventRounds "6"]
[EventCountry "EST"]
[SourceTitle "CBM 094 Extra"]
[Source "ChessBase"]
[SourceDate "2003.07.09"]
[SourceVersion "2"]
[SourceVersionDate "2003.07.09"]
[SourceQuality "1"]

1. e4 c5 2. Nf3 e6 3. d4 cxd4 4. Nxd4 a6 5. Bd3 Nf6 6. c4 Nc6 7. Nxc6 dxc6 8. 0-0 e5 9. Qc2 Nd7 10. Qc3 Bc5 11. Be3 Bxe3 12. fxe3 a5 13. Nd2 Qb6 14. Rf3 0-0 15. Rc1 Nc5 16. b3 Qb4 17. Nf1 Qxc3 18. Rxc3 Be6 19. Bc2 Rfd8 20. Rf2 Kf8 21. h3 Ke7 22. Ng3 Rd7 23. Nh5 Kf8 24. Kf1 Rad8 25. Ke1 a4 26. b4 Rd3 27. Bxd3 Nxd3+ 28. Rxd3 Rxd3 29. Rd2 Bxc4 30. Rxd3 Bxd3 31. Ng3 a3 32. Kd2 Bb1 33. Kc3 Bxa2 34. Nf5 Be6 35. Nd6 b6 0-1

[Event "EST-ch"]
[Site "Tallinn"]
[Date "2003.05.20"]
[Round "3.2"]
[White "Zavoronkov, Vladimir"]
[Black "Zjukin, Sergei"]
[Result "1/2-1/2"]
[WhiteElo "2385"]
[BlackElo "2401"]
[PlyCount "38"]
[EventDate "2003.05.17"]
[EventType "k.o."]
[EventRounds "6"]
[EventCountry "EST"]
[SourceTitle "CBM 094 Extra"]
[Source "ChessBase"]
[SourceDate "2003.07.09"]
[SourceVersion "2"]
[SourceVersionDate "2003.07.09"]
[SourceQuality "1"]

1. e4 e5 2. Nf3 Nc6 3. Nc3 Nf6 4. Bb5 Bb4 5. 0-0 0-0 6. d3 d6 7. Bg5 Bxc3 8. bxc3 Qe7 9. Bxc6 bxc6 10. h3 h6 11. Bh4 g5 12. Bg3 Nh5 13. Nh2 Nxg3 14. fxg3 f5 15. Qh5 Kg7 16. h4 gxh4 17. exf5 Qg5 18. Qxg5+ hxg5 19. g4 c5 1/2-1/2

[Event "EST-ch"]
[Site "Tallinn"]
[Date "2003.05.19"]
[Round "3.1"]
[White "Zjukin, Sergei"]
[Black "Zavoronkov, Vladimir"]
[Result "0-1"]
[WhiteElo "2401"]
[BlackElo "2385"]
[PlyCount "68"]
[EventDate "2003.05.17"]
[EventType "k.o."]
[EventRounds "6"]
[EventCountry "EST"]
[SourceTitle "CBM 094 Extra"]
[Source "ChessBase"]
[SourceDate "2003.07.09"]
[SourceVersion "2"]
[SourceVersionDate "2003.07.09"]
[SourceQuality "1"]

1. e4 c5 2. Nf3 Nc6 3. d4 cxd4 4. Nxd4 Qc7 5. Nb5 Qb8 6. Bd3 e6 7. Be3 Nf6 8. f4 a6 9. N5c3 d5 10. exd5 exd5 11. Be2 Qd6 12. Bf3 Qe6 13. Qe2 Bd6 14. Nd2 0-0 15. Nb3 Re8 16. Kf2 Ne4+ 17. Bxe4 dxe4 18. Rad1 b5 19. Nxe4 Bf8 20. Ng3 Nb4 21. Rhe1 Qg6 22. Rd2 Bg4 23. f5 Bxf5 24. Nxf5 Qxf5+ 25. Qf3 Qg6 26. Ree2 Rac8 27. Nd4 Nxa2 28. Nf5 Re5 29. g4 h5 30. h3 hxg4 31. hxg4 Nb4 32. c3 Nc6 33. Bf4 Bc5+ 34. Kf1 Rxf5 0-1

[Event "EST-ch"]
[Site "Tallinn"]
[Date "2003.05.17"]
[Round "1.1"]
[White "Volodin, Alexey"]
[Black "Zavoronkov, Vladimir"]
[Result "1/2-1/2"]
[WhiteElo "2311"]
[BlackElo "2385"]
[PlyCount "100"]
[EventDate "2003.05.17"]
[EventType "k.o."]
[EventRounds "6"]
[EventCountry "EST"]
[SourceTitle "CBM 094 Extra"]
[Source "ChessBase"]
[SourceDate "2003.07.09"]
[SourceVersion "2"]
[SourceVersionDate "2003.07.09"]
[SourceQuality "1"]

1. d4 Nf6 2. c4 e6 3. Nf3 b6 4. a3 Ba6 5. Qc2 c5 6. e4 cxd4 7. Nxd4 Bc5 8. Be3 Ng4 9. Nd2 Nxe3 10. fxe3 Qg5 11. Qc3 Nc6 12. N2f3 Qg6 13. e5 Qe4 14. Nc2 Be7 15. Bd3 Bh4+ 16. Ke2 Qg4 17. Rag1 f6 18. h3 Qg3 19. Nxh4 Qxh4 20. exf6 Qxf6 21. Qxf6 gxf6 22. g4 Ne5 23. Rf1 Ke7 24. b3 d5 25. Nb4 Bb7 26. cxd5 exd5 27. Rc1 Kd6 28. Nc2 h5 29. Nd4 Nxd3 30. Kxd3 hxg4 31. hxg4 Rxh1 32. Rxh1 Rg8 33. Nf5+ Ke5 34. Nh6 Rg7 35. Rh5+ Ke6 36. Rh4 Ba6+ 37. Kd2 Rh7 38. Nf5 Rxh4 39. Nxh4 Ke5 40. Nf3+ Ke4 41. g5 fxg5 42. Nxg5+ Kf5 43. Nf3 Ke4 44. Nd4 Bf1 45. Nc6 a5 46. Nd4 Ba6 47. Ne6 Bc8 48. Nd4 Ba6 49. Nc2 Bd3 50. Nd4 Ba6 1/2-1/2

[Event "EST-ch"]
[Site "Kilingi Nomme"]
[Date "2002.08.18"]
[Round "9"]
[White "Krupenski, Juri"]
[Black "Zavoronkov, Vladimir"]
[Result "0-1"]
[WhiteElo "2252"]
[BlackElo "2385"]
[PlyCount "96"]
[EventDate "2002.08.10"]
[EventType "tourn"]
[EventRounds "9"]
[EventCountry "EST"]
[EventCategory "8"]
[SourceTitle "EXT 2003"]
[Source "ChessBase"]
[SourceDate "2002.11.25"]
[SourceVersion "1"]
[SourceVersionDate "2002.11.25"]
[SourceQuality "1"]

1. d4 Nf6 2. c4 e6 3. Nc3 Bb4 4. Qc2 c5 5. dxc5 0-0 6. a3 Bxc5 7. Nf3 Nc6 8. e3 Qc7 9. Bd3 Ne5 10. Nxe5 Qxe5 11. b4 Be7 12. 0-0 d5 13. f4 Qb8 14. Bb2 dxc4 15. Bxc4 Bd7 16. Ne4 Nxe4 17. Qxe4 Bc6 18. Qc2 Rd8 19. f5 e5 20. Qb3 Be8 21. e4 Qc7 22. Kh1 Bg5 23. Bd5 Rac8 24. Qg3 Bf6 25. Rac1 Qe7 26. Rc3 Bh4 27. Qh3 Bf6 28. Rfc1 Rxc3 29. Qxc3 g6 30. fxg6 hxg6 31. Qc5 Qxc5 32. Rxc5 Bc6 33. Kg1 Bxd5 34. exd5 b6 35. Rc6 Kg7 36. d6 e4 37. Bxf6+ Kxf6 38. Kf2 Ke6 39. Ke3 f5 40. b5 Rxd6 41. g4 Kd7 42. h4 Rd3+ 43. Kf4 Rf3+ 44. Kg5 e3 45. Rc1 f4 46. Kxg6 e2 47. Re1 Re3 48. h5 f3 0-1

[Event "EST-ch"]
[Site "Kilingi Nomme"]
[Date "2002.08.16"]
[Round "7"]
[White "Kengis, Edvins"]
[Black "Zavoronkov, Vladimir"]
[Result "1/2-1/2"]
[WhiteElo "2594"]
[BlackElo "2385"]
[PlyCount "83"]
[EventDate "2002.08.10"]
[EventType "tourn"]
[EventRounds "9"]
[EventCountry "EST"]
[EventCategory "8"]
[SourceTitle "EXT 2003"]
[Source "ChessBase"]
[SourceDate "2002.11.25"]
[SourceVersion "1"]
[SourceVersionDate "2002.11.25"]
[SourceQuality "1"]

1. d4 Nf6 2. Nf3 e6 3. g3 b6 4. Bg2 Bb7 5. c4 Bb4+ 6. Bd2 Be7 7. Nc3 d5 8. cxd5 Nxd5 9. 0-0 0-0 10. Qc2 Nd7 11. Rfd1 Nxc3 12. Bxc3 Nf6 13. Ne5 Bxg2 14. Kxg2 Qd5+ 15. f3 a5 16. e4 Qb7 17. a4 Rac8 18. Qe2 Rfd8 19. Rac1 Nd7 20. Ng4 Nf6 21. Ne3 c6 22. b3 c5 23. d5 exd5 24. Bxf6 Bxf6 25. Nxd5 Bd4 26. Qb5 Rb8 27. g4 h6 28. Rc2 Rd6 29. Rxd4 cxd4 30. Rc7 Qa8 31. Ne7+ Kh8 32. Nf5 Rf6 33. Qc4 Rd8 34. Nxd4 Qb8 35. Nf5 Rd2+ 36. Kh3 Qe8 37. Qc3 Rd8 38. e5 Re6 39. Nd6 Rexd6 40. exd6 Rxd6 41. Rc8 Rd8 42. Rxd8 1/2-1/2